000 00743nam a2200229 a 4500
001 BRL_487
005 20190320210750.0
008 200813s1962----gw-abo####---#000-0#ger-#
041 _ager
044 _agw
050 4 _aN5305
_b.K86 4 1962
100 1 _aWoldering, Irmgard
_924076
245 1 0 _aÄgypten
_bDie Kunst der Pharaonen
_cVon Irmgard Woldering
260 _aGermany
_bHolle-Verlag Baden-Baden
_c1962
300 _a255 p.
_b63 il. (algunas a color)
_c23 cm.
440 0 _aKunst der Welt; ihre geschichtlichen, soziologischen und religiösen Grundlagen
_pDie aussereuropäischen Kulturen
_v4
_924077
500 _aAu528
650 1 4 _aArte
_zEgipto
_917756
651 4 _aEgipto
_xAnitgüedades
_924078
902 _aGRL
942 _2lcc
_cB
999 _c9299
_d9299